Countries that Bhutan recognises - Statistics

General Stats
  • This quiz has been taken 30 times
  • The average score is 26 of 41
Answers on the Map
Answers color-coded by a green-red scale on the quiz's map according to % correct below.
 
Answer Stats
Answer % Correct
India
96%
Thailand
89%
Argentina
85%
Bangladesh
85%
Brazil
85%
Japan
85%
Vietnam
81%
Canada
78%
Mongolia
78%
Myanmar
78%
South Korea
78%
Turkey
78%
Germany
74%
Pakistan
74%
Australia
70%
Afghanistan
67%
Denmark
67%
Egypt
67%
Finland
67%
Oman
67%
Sweden
67%
United Arab Emirates
67%
Kazakhstan
63%
Norway
63%
Qatar
63%
Spain
63%
Azerbaijan
59%
Poland
59%
Armenia
56%
Austria
56%
Bahrain
56%
Kuwait
52%
Bhutan
48%
Netherlands
44%
Cuba
41%
Czechia
41%
Morocco
37%
Serbia
33%
Luxembourg
22%
Costa Rica
11%
Mauritius
11%
No matching quizzes found
Score Distribution
Percent of People with Each Score
Percentile by Number Answered
Your Score History
You have not taken this quiz